[Event "Madrid Chamartin op 3rd"]
[Site "Madrid"]
[Date "2014.09.11"]
[Round "6"]
[White "Rueda Maria, Ramiro"]
[Black "De La Rosa Y Manrique de Lara, Gonzalo"]
[Result "0-1"]
[WhiteElo "1938"]
[BlackElo "2050"]
[PlyCount "66"]
[EventDate "2014.09.07"]
[EventType "swiss"]
[EventRounds "9"]
[EventCountry "ESP"]
[SourceTitle "CBM 162 Extra"]
[Source "ChessBase"]
[SourceDate "2014.10.17"]
[SourceVersion "1"]
[SourceVersionDate "2014.10.17"]
[SourceQuality "1"]

1. c4 Nf6 2. Nf3 g6 3. g3 Bg7 4. Bg2 c5 5. Nc3 Nc6 6. 0-0 e5 7. d3 0-0 8. Bg5 h6 9. Bd2 d6 10. a3 Rb8 11. Rb1 Be6 12. b4 Qd7 13. Qc1 Kh7 14. bxc5 dxc5 15. Rb5 b6 16. Qb1 e4 17. Ne1 Bh3 18. Be3 exd3 19. Qxd3 Bxg2 20. Kxg2 Rbd8 21. Ne4 Qe6 22. Nxf6+ Bxf6 23. Qc2 Ne5 24. Rb3 Qxc4 25. Qxc4 Nxc4 26. Nf3 Rfe8 27. Rfb1 Rd7 28. h4 Rde7 29. Nh2 Nxe3+ 30. fxe3 Rxe3 31. Rxe3 Rxe3 32. Ng4 Rxe2+ 33. Kf3 Re6 0-1